[Event "Minsk Spring SDUSHOR Cup"]
[Site "Minsk"]
[Date "2009.05.15"]
[Round "5"]
[White "Poleshchuk, Viktor"]
[Black "Kovalenko, Sergey P"]
[Result "0-1"]
[WhiteElo "1868"]
[BlackElo "1946"]
[PlyCount "114"]
[EventDate "2009.05.11"]
[EventType "tourn"]
[EventRounds "9"]
[EventCountry "BLR"]
[SourceTitle "EXT 2022"]
[Source "ChessBase"]
[SourceDate "2021.10.06"]
[SourceVersion "1"]
[SourceVersionDate "2021.10.06"]
[SourceQuality "1"]

1. e4 e6 2. d4 d5 3. e5 c5 4. c3 Qb6 5. Nf3 Nc6 6. a3 a5 7. Bd3 Bd7 8. Bc2 Rc8 9. 0-0 f5 10. Nh4 Nge7 11. dxc5 Qxc5 12. Be3 Qc4 13. f4 Nb8 14. Bd3 Qc7 15. Nd2 Kf7 16. Rf3 Ng6 17. Rh3 Nxh4 18. Rxh4 Bc5 19. Bxc5 Qxc5+ 20. Kh1 Bb5 21. Nf3 h6 22. Rh3 Bxd3 23. Qxd3 Qc4 24. Qd1 Nc6 25. Nh4 Ne7 26. Qd2 Rhd8 27. Rd1 d4 28. Qc1 dxc3 29. Rxc3 Qe2 30. Re1 Rxc3 31. bxc3 Qf2 32. Nf3 Rd3 33. Rf1 Qc5 34. Qb2 b6 35. Rc1 Nd5 36. c4 Nxf4 37. a4 Re3 38. Qd2 Nd3 39. Rf1 Nxe5 40. Nxe5+ Qxe5 41. Qd7+ Kg6 42. Qd2 Re2 43. Qd1 Qe4 44. Rg1 Kh7 45. h3 f4 46. Qb1 Rc2 47. Qb3 Qxc4 48. Qxb6 Qd5 49. Qb1 Qd2 50. Qb7 Qe2 51. Qf7 Qe4 52. Qf8 Ra2 53. Qf7 Rxa4 54. Qh5 Ra2 55. Qd1 a4 56. Qg4 Re2 57. Qh4 a3 0-1

[Event "Minsk Spring SDUSHOR Cup"]
[Site "Minsk"]
[Date "2009.05.14"]
[Round "4"]
[White "Kovalenko, Sergey P"]
[Black "Medvedev, Oleg"]
[Result "1-0"]
[WhiteElo "1946"]
[BlackElo "1868"]
[PlyCount "81"]
[EventDate "2009.05.11"]
[EventType "tourn"]
[EventRounds "9"]
[EventCountry "BLR"]
[SourceTitle "EXT 2022"]
[Source "ChessBase"]
[SourceDate "2021.10.06"]
[SourceVersion "1"]
[SourceVersionDate "2021.10.06"]
[SourceQuality "1"]

1. d4 d5 2. Bf4 Nf6 3. e3 Bf5 4. c4 e6 5. Qb3 Nbd7 6. Nc3 Nb6 7. c5 Nbd7 8. Qxb7 e5 9. Bxe5 Nxe5 10. dxe5 Rb8 11. Qxa7 Nd7 12. Bb5 Be7 13. b4 0-0 14. Nf3 c6 15. Bxc6 Rxb4 16. Bxd7 Bxd7 17. Nxd5 Rc4 18. Nxe7+ Qxe7 19. 0-0 Rxc5 20. Rfd1 Rd8 21. Rd4 Rdc8 22. h3 R5c7 23. Qa5 Bc6 24. Rc1 Bxf3 25. Rxc7 Rxc7 26. gxf3 g6 27. f4 Kg7 28. Qd5 Rc2 29. a4 Qh4 30. Qf3 Qe7 31. Qe4 Ra2 32. Qd5 Qa3 33. Kg2 Qb2 34. Qf3 Qb3 35. f5 Rxa4 36. f6+ Kh6 37. Qf4+ g5 38. Qe4 Rxd4 39. exd4 Qd1 40. d5 Qg4+ 41. Qxg4 1-0

[Event "Voronezh op-B"]
[Site "Voronezh"]
[Date "2008.06.15"]
[Round "4"]
[White "Kovalenko, Sergey P"]
[Black "Kochetkov, Victor N"]
[Result "1-0"]
[WhiteElo "2192"]
[BlackElo "2057"]
[PlyCount "97"]
[EventDate "2008.06.12"]
[EventType "swiss"]
[EventRounds "9"]
[EventCountry "RUS"]
[SourceTitle "CBM 125 Extra"]
[Source "ChessBase"]
[SourceDate "2008.09.01"]
[SourceVersion "1"]
[SourceVersionDate "2008.09.01"]
[SourceQuality "1"]

1. Nf3 d5 2. d4 Nf6 3. c4 e6 4. Nc3 Be7 5. Bg5 h6 6. Bf4 0-0 7. e3 a5 8. Bd3 dxc4 9. Bxc4 c6 10. a4 Nh5 11. Bg3 Nd7 12. Qc2 Nxg3 13. hxg3 Qc7 14. Ba2 Rd8 15. 0-0-0 Nf8 16. Ne5 Bd7 17. f4 Be8 18. Rh3 Rac8 19. Rdh1 b5 20. Qe2 f5 21. Qc2 b4 22. Qxf5 Rd5 23. Qg4 h5 24. Rxh5 Bxh5 25. Qxh5 Rxe5 26. fxe5 bxc3 27. bxc3 Ba3+ 28. Kc2 Qe7 29. Qh8+ Kf7 30. Rf1+ Ke8 31. Qg8 Rc7 32. Bxe6 Qg5 33. Bf7+ Kd8 34. Bc4 Ke8 35. Rb1 Qf5+ 36. Bd3 Qf7 37. Rb8+ Ke7 38. Qxf7+ Kxf7 39. Bc4+ Ne6 40. Ra8 Be7 41. Rxa5 Bg5 42. Kd3 Ke7 43. Ra8 Nd8 44. a5 Rb7 45. a6 Rb1 46. Rc8 Kd7 47. a7 Kxc8 48. a8Q+ Kc7 49. Qa3 1-0

[Event "Voronezh Region-ch U20"]
[Site "Voronezh "]
[Date "2006.12.04"]
[Round "9"]
[White "Naletov, Alexey"]
[Black "Kovalenko, Sergey P"]
[Result "0-1"]
[WhiteElo "2050"]
[BlackElo "2126"]
[PlyCount "96"]
[EventDate "2006.12.02"]
[EventType "tourn"]
[EventRounds "11"]
[EventCountry "RUS"]
[SourceTitle "EXT 2008"]
[Source "ChessBase"]
[SourceDate "2007.11.25"]
[SourceVersion "1"]
[SourceVersionDate "2007.11.25"]
[SourceQuality "1"]

1. e4 e6 2. d4 d5 3. exd5 exd5 4. Bd3 Bd6 5. Nf3 Ne7 6. 0-0 0-0 7. Bg5 f6 8. Bh4 Bf5 9. c4 Bxd3 10. Qxd3 dxc4 11. Qxc4+ Kh8 12. Nc3 Nbc6 13. Rfe1 Nf5 14. Rad1 Re8 15. Rxe8+ Qxe8 16. Qb5 Nxh4 17. Nxh4 Nxd4 18. Qxb7 Rd8 19. Nf3 Bc5 20. Qxc7 Bb6 21. Qc4 Nxf3+ 22. gxf3 Rxd1+ 23. Nxd1 Qe1+ 24. Qf1 Qd2 25. Kg2 h5 26. Qb5 g6 27. Ne3 Kg7 28. Qe8 Qxb2 29. Qe7+ Kh6 30. Qf8+ Kg5 31. f4+ Kxf4 32. Qh6+ g5 33. Qxh5 Qd4 34. Qg4+ Ke5 35. Nc4+ Kd5 36. Nxb6+ axb6 37. Qxd4+ Kxd4 38. f4 gxf4 39. Kf3 Ke5 40. h3 b5 41. a3 Kf5 42. h4 Ke5 43. h5 Kf5 44. h6 Kg6 45. Kxf4 Kxh6 46. Kf5 Kg7 47. Kf4 Kg6 48. Ke4 f5+ 0-1